000 00556nam a22001817a 4500
999 _c328521
_d328521
003 Nust
005 20180117090026.0
008 170411b xxu||||| |||| 00| 0 eng d
020 _a8170415724
040 _c0
082 _a301
100 _4Ali Jawad
245 _aDevelopment and social order
_ba world perspective
260 _aNew Delhi
_bAnmol publications
_c1992
300 _a523p
942 _2ddc
_cBK